00464nam a2200193Ia 4500001000700000003000500007008004100012010001100053040000900064082001100073100002600084245005600110260003200166300001100198440000500209500000500214503001900219650003200238Z_3378CHAP220113s1998 xx 000 0 und d a166493 cCHAP a868 M5 aMillás, Juan José aEl orden alfabético /cpor Juan José Millás aMadrid :bAlfaguara,c1998 a267 p. a a a200982, 200395 aLiteratura española I. t.